Naturaleza, comunidad y trabajo : (Record no. 11051)

000 -CABECERA
fixed length control field 00976nam a22002057a 4500
003 - IDENTIFICADOR DEL NÚMERO DE CONTROL
control field AR-CdUCM
008 - DATOS DE LONGITUD FIJA--INFORMACIÓN GENERAL
fixed length control field 190402b ||||| |||| 00| 0 spa d
040 ## - FUENTE DE LA CATALOGACIÓN
Agencia/entidad que catalogó originalmente la obra MUNICIPALIDAD PROVINCIAL DEL CUSCO
Entidad que transcribió la catalogación BIBLIOTECA MUNICIPAL DEL CUSCO
082 ## - NÚMERO DE LA CLASIFICACIÓN DECIMAL DEWEY
No. de Clasificación EP / 372.500 /
Notacion interna C79
100 ## - ENTRADA PRINCIPAL--NOMBRE DE PERSONA
Nombre Personal Costa Alva, Yanira
245 ## - MENCIÓN DE TÍTULO
Título Naturaleza, comunidad y trabajo :
Resto del título 3er grado de educación primaria /
260 ## - PUBLICACIÓN, DISTRIBUCIÓN, ETC.
Lugar de publicación, distribución, etc. Lima :
Nombre de la editorial, distribuidor, etc. Adyrsa,
300 ## - DESCRIPCIÓN FÍSICA
Nº de Páginas Extensión 111 paginas
Dimensiones 28 cm.
440 ## - MENCIÓN DE SERIE/PUNTO DE ACCESO ADICIONAL--TÍTULO
Título Naturalito.
9 (RLIN) 28184
505 ## - NOTA DE CONTENIDO CON FORMATO
Nota de contenido formateada Contenido : 3: Etapas del desarrollo de la persona humana -- Los seres de la naturaleza -- Los recursos naturales, las actividades económicas y las riquezas culturales de la localidad -- Hombres notables y hechos significativos de la historia local y nacional -- La higiene y la seguridad para la conservación de la salud personal y colectiva ...
650 ## - PUNTO DE ACCESO ADICIONAL DE MATERIA--TÉRMINO DE MATERIA
Descriptor Ciencias naturales
9 (RLIN) 10176
650 ## - PUNTO DE ACCESO ADICIONAL DE MATERIA--TÉRMINO DE MATERIA
Descriptor Educación primaria
9 (RLIN) 1561
942 ## - ELEMENTOS DE PUNTO DE ACCESO ADICIONAL (KOHA)
Fuente de clasificación
Tipo de item Libros-BMC
945 ## - PROCESAMIENTO DE INFORMACIÓN LOCAL (OCLC)
Catalogador rum
Holdings
Estado de retiro (separado) Fuente de clasificación o esquema de estanterías Estado dañado Ubicación Sala donde se ubica Nombre de la colección Fecha de adquisición o compra Costo, precio normal en soles Signatura topográfica Código de Barras Última vez visto (Koha) Tipo de ítem (Koha)
No     Sala de Infantes Sala de Infantes Children's Area 2019-04-02 15.00 EP / 372.500 / C79 SI00000854 2019-04-02 Libros-BMC
No     Sala de Infantes Sala de Infantes Children's Area 2019-04-02 15.00 EP / 372.500 / C79 / e.2 SI00000971 2019-04-03 Libros-BMC

Powered by Koha